Ekonomické teórie s keynesovským odkazom

Ekonomická teória a praktická ekonomická politika pod vplyvom velikána ekonómie Johna Mayarda Keynesa. Charakteristika ekonomických smerov: neokeynesovstvo, postkeynesovstvo, nová ekonómia a nové keynesovstvo.

Salvato in:
Dettagli Bibliografici
Autore principale: Trnovský, Karol, 1983-
Natura: Capitolo di libro
Lingua:slovacco
Soggetti:
Tags: Aggiungi Tag
Nessun Tag, puoi essere il primo ad aggiungerne!!

MARC

LEADER 00000nla$a2200000$$$4500
001 0080139
005 20240502083217.4
041 0 |a slo 
044 |a CZ 
245 1 0 |a Ekonomické teórie s keynesovským odkazom  |c Karol Trnovský 
520 |a Ekonomická teória a praktická ekonomická politika pod vplyvom velikána ekonómie Johna Mayarda Keynesa. Charakteristika ekonomických smerov: neokeynesovstvo, postkeynesovstvo, nová ekonómia a nové keynesovstvo. 
610 2 0 |a teórie ekonomické 
610 2 0 |a neokeynesizmus 
610 2 0 |a keynesizmus 
610 2 0 |a rozvoj hospodársky 
610 2 0 |a trh 
610 2 0 |a banky 
610 2 0 |a zamestnanosť plná 
100 1 |a Trnovský, Karol, 1983-